Statistiken für Länder der Welt Quiz - Eine Minute Sprint

Klicken Sie hier um das Quiz zu spielen!

Allgemein

  • Dieses Quiz wurde 121 mal gespielt
  • Das Durchschnittsergebnis liegt bei 28 aus 196

Antworten auf der Karte

Die Antworten werden auf der Karte rot bzw. grün angezeigt, abhängig davon wie oft sie richtig erraten wurden.
 

Antwortstatistiken

Land% Korrekt
Vereinigte Staaten
85%
Kanada
76%
Mexiko
71%
Russland
71%
China
68%
Deutschland
59%
Brasilien
57%
Island
52%
Japan
52%
Spanien
52%
Frankreich
51%
Schweden
48%
Irland
47%
Australien
43%
Chile
41%
Dänemark
41%
Finnland
41%
Norwegen
41%
Italien
40%
Portugal
40%
Argentinien
37%
Indien
36%
Iran
35%
Irak
33%
Polen
31%
Schweiz
31%
Niederlande
29%
Peru
29%
Vereinigte Arabische
Emirate
28%
Belgien
25%
Vereinigtes Königreich
25%
Mali
24%
Kuba
23%
Mongolei
23%
Oman
23%
Panama
23%
Südkorea
23%
Andorra
21%
Malta
21%
Monaco
21%
Algerien
20%
Jemen
20%
Belize
19%
Estland
19%
Haiti
19%
Österreich
19%
Demokratische
Republik Kongo
17%
Marokko
17%
Neuseeland
17%
Republik Kongo
17%
Thailand
17%
Togo
17%
Belarus
16%
Ecuador
16%
Kasachstan
16%
Lettland
16%
Litauen
16%
Niger
16%
Zypern
16%
Bolivien
15%
Libyen
15%
Nigeria
15%
Nordkorea
15%
Palau
15%
Tonga
15%
Tschechien
15%
Ukraine
15%
Ägypten
13%
Albanien
13%
Bahamas
13%
Laos
13%
Liechtenstein
13%
Serbien
13%
Türkei
13%
Venezuela
13%
Costa Rica
12%
Israel
12%
Kolumbien
12%
Kroatien
12%
Nauru
12%
San Marino
12%
Saudi-Arabien
12%
Südafrika
12%
Uruguay
12%
Vanuatu
12%
Vatikanstadt
12%
Angola
11%
Benin
11%
Ghana
11%
Guatemala
11%
Honduras
11%
Indonesien
11%
Jamaika
11%
Katar
11%
Kenia
11%
Kosovo
11%
Vietnam
11%
Bhutan
9%
Bosnien und
Herzegowina
9%
Kuwait
9%
Tuvalu
9%
Ungarn
9%
Brunei
8%
Dominikanische
Republik
8%
Guinea
8%
Guyana
8%
Nepal
8%
Papua-Neuguinea
8%
Sambia
8%
Samoa
8%
Slowenien
8%
Sudan
8%
Syrien
8%
Afghanistan
7%
Barbados
7%
Dominica
7%
El Salvador
7%
Fidschi
7%
Gabun
7%
Grenada
7%
Kiribati
7%
Luxemburg
7%
Malawi
7%
Pakistan
7%
Slowakei
7%
Taiwan
7%
Zentralafrikanische
Republik
7%
Bahrain
5%
Föderierte Staaten
von Mikronesien
5%
Griechenland
5%
Namibia
5%
Nicaragua
5%
Paraguay
5%
Somalia
5%
Sri Lanka
5%
Suriname
5%
Tschad
5%
Tunesien
5%
Uganda
5%
Antigua und Barbuda
4%
Bulgarien
4%
Gambia
4%
Kamerun
4%
Komoren
4%
Libanon
4%
Liberia
4%
Malediven
4%
Moldawien
4%
Myanmar
4%
St. Kitts und Nevis
4%
St. Lucia
4%
St. Vincent und die
Grenadinen
4%
Tansania
4%
Bangladesch
3%
Elfenbeinküste
3%
Eritrea
3%
Guinea-Bissau
3%
Jordanien
3%
Kambodscha
3%
Kap Verde
3%
Kirgisistan
3%
Lesotho
3%
Mauretanien
3%
Mauritius
3%
Montenegro
3%
Mosambik
3%
Nordmazedonien
3%
Osttimor
3%
Philippinen
3%
São Tomé und
Príncipe
3%
Senegal
3%
Singapur
3%
Südsudan
3%
Trinidad und Tobago
3%
Turkmenistan
3%
Usbekistan
3%
Armenien
1%
Äthiopien
1%
Burundi
1%
Eswatini
1%
Georgien
1%
Madagaskar
1%
Malaysia
1%
Ruanda
1%
Rumänien
1%
Sierra Leone
1%
Äquatorial-Guinea
0%
Aserbaidschan
0%
Botswana
0%
Burkina Faso
0%
Dschibuti
0%
Marshallinseln
0%
Salomonen
0%
Seychellen
0%
Simbabwe
0%
Tadschikistan
0%

Verteilung der Resultate

Perzentil nach korrekt beantworteten Fragen

Anzahl Personen mit jedem Resultat

Ihre Resultats-Entwicklung

Sie haben dieses Quiz noch nicht gespielt